| 000 | 01339nam a2200361 i 4500 | ||
|---|---|---|---|
| 003 | EG-GICUC | ||
| 005 | 20260314083214.0 | ||
| 008 | 260124s2007 ua |||fr|||| 00| 0 ara d | ||
| 017 | _a19237/2006 | ||
| 020 | _a9773480941 | ||
| 040 |
_a EG-GICUC _bara _c EG-GICUC _d EG-GICUC _erda |
||
| 041 | 0 | _aAra | |
| 082 | 0 | 4 |
_221 _a343.33 _bع ب . د |
| 092 | 0 | 4 | _221 |
| 099 | _aLaw1 10 343.33 ع ب . د 2007 | ||
| 100 | 0 |
_aعبدالمطلب عبدالرازق حمدان _eمؤلف. |
|
| 245 | 1 | 2 |
_aالدعوى وإثباتها فى الفقه الجنائى الإسلامى / _cتأليف دكتور عبدالمطلب عبدالرازق حمدان. |
| 250 | _aالطبعة الأولى | ||
| 264 | 1 |
_aالإسكندرية : _bدار الفكر الجامعى. _c2007. |
|
| 264 | 3 | _bشركة الجلال للطباعة | |
| 300 |
_a 274 صفحة؛ _c24 سم. |
||
| 336 |
_2rda content _atext |
||
| 337 |
_2rda media _aComputer |
||
| 338 |
_2rda carrier _aOnline Resource |
||
| 504 | _a ببليوجرافيا: صفحات248-260. | ||
| 546 | _aالنص باللغة العربية | ||
| 650 | 1 |
_aالدعوى الجنائية _2qrmak |
|
| 650 | 1 |
_aالقانون الجنائى _2qrmak |
|
| 651 | 1 | _2qrmak | |
| 856 | 4 | 0 | _uhttps://fll.law.cu.edu.eg/fulltext/bks/B10-08101.pdf |
| 905 | _a54 | ||
| 942 |
_2ddc _cBK _e21 _n0 |
||
| 999 |
_c58939 _d58939 |
||